<?xml version="1.0" encoding="UTF-8"?>
<collection xmlns="http://www.loc.gov/MARC21/slim">
  <record>
    <leader>00000nam  2200000   4500</leader>
    <controlfield tag="001">INLIS00000000000040</controlfield>
    <controlfield tag="005">20260702043538</controlfield>
    <datafield tag="020" ind1="#" ind2="#">
      <subfield code="a">978-602-213-102-1</subfield>
    </datafield>
    <datafield tag="082" ind1="#" ind2="#">
      <subfield code="a">745.594</subfield>
    </datafield>
    <datafield tag="100" ind1="1" ind2="#">
      <subfield code="a">Damayanti, Astri</subfield>
    </datafield>
    <datafield tag="245" ind1="1" ind2=" ">
      <subfield code="a">Inspirasi Kemasan Kain /</subfield>
      <subfield code="c">Astri Damayanti</subfield>
    </datafield>
    <datafield tag="300" ind1="#" ind2="#">
      <subfield code="a">60 ; 19 x 23</subfield>
    </datafield>
  </record>
</collection>
